000
00354nam a2200145Ia 4500
008
151213s9999 xx 000 0 und d
100
_a
Dhaka Law Report
245
_a
Dhaka Law Report
_c
Dhaka Law Report
260
_a
Dhaka
_b
Dhaka Law Report
_c
1984
300
_a
7270 p.
650
_a
Law
650
_a
Law
700
_a
Dhaka Law Report
999
_c
3854
_d
3854